000 00834nam a2200229Ia 4500
003 OSt
005 20260325104333.0
008 241129s9999||||xx |||||||||||||| ||und||
037 _aTB
040 _aCRL
_bpun
_cCRL
041 _apun
_2pun
084 _aY73(P153):351 153Q8
_qCRL
100 _aਘੁੰਮਣ, ਬਿਕਰਮ ਸਿੰਘ, ਚ।
_91231834
245 0 _aਪੰਜਾਬੀ ਲੋਕ ਗੀਤ
_cਘੁੰਮਣ, ਬਿਕਰਮ ਸਿੰਘ, ਚ।
260 _aਅੰਮ੍ਰਿਤਸਰ, ਭਾਰਤ
_bਅੰਮ੍ਰਿਤਸਰ ਵਾਰਿਸ ਸ਼ਾਹ ਫ਼ਾਉਡੇਸ਼ਨ
_c2018
300 _a288ਪ੍ਰ0
365 _aINR
_b350
546 _aTranslated From Hindi to Punjabi.
650 _aSociology
942 _cTB
_hY73(P153):351 153Q8
_2CC
999 _c1229732
_d1229732